Best MLB pitchers ever. - Statistics

General Stats
  • This quiz has been taken 111 times
  • The average score is 10 of 15
Answer Stats
Rank Team Pitcher % Correct
5 Diamondbacks Randy Johnson
99%
2 Senators Walter Johnson
99%
8 Red Sox Pedro Martinez
86%
1 Dodgers Sandy Koufax
86%
6 Rangers Nolan Ryan
83%
4 Cubs Greg Maddux
80%
15 Dodgers Clayton Kershaw
77%
11 Mets Tom Seaver
77%
7 Cardinals Bob Gibson
74%
3 Red Sox Cy Young
74%
10 Braves Warren Spahn
57%
13 Indians Bob Feller
49%
9 Giants Christy Mathewson
44%
14 Red Sox Left Grove
31%
12 Twins Steve Carlton
26%
No matching quizzes found
Score Distribution
Percent of People with Each Score
Percentile by Number Answered
Your Score History
You have not taken this quiz